| 000 | 00397nam a22001697a 4500 | ||
|---|---|---|---|
| 005 | 20230526095754.0 | ||
| 008 | 230526b |||||||| |||| 00| 0 eng d | ||
| 020 | _a9780071795807 | ||
| 082 |
_a004.076 _bHOL-C |
||
| 100 | _aHolcombe,Jane | ||
| 245 | _aComptia A+ | ||
| 250 | _a8th | ||
| 260 |
_aUSA _bMcGraw Hill _c2013 |
||
| 300 | _a1179 | ||
| 650 | _aComputer Security/Security | ||
| 999 |
_c18531 _d18531 |
||